000 00334nam a22001457a 4500
008 221108b ||||| |||| 00| 0 eng d
020 _a9780875814087
041 _aeng
080 _2fifth edition
_a004
082 _a004
100 _a19
101 _ashk
245 _aSOCIAL WORK RESEARCH &EVALUATION
_cUNRAU Y
942 _2udc
_cBK
999 _c58776
_d58776